Los misterios de la abuela /

El domingo es el cumpleaños de la abuela. Para festejarla, Juliana pasará el fin de semana con ella. Juliana no está muy segura de que sea una buena idea, pues su abuela vive en el campo, y allá no hay nada que hacer. Pero tan pronto llegue, descubrirá que las cosas no son lo que parecen. Para empez...

Descripción completa

Guardado en:
Autor Principal: Méndez, Gerardo.
Otros Autores: Sada, Margarita; il.
Formato: Libro
Idioma:Undetermined
Publicado: San Isidro : Castillo de la lectura, 2013.
Edición:1a ed.
Series:Serie blanca
Materias:
Etiquetas: Agregar Etiqueta
Sin Etiquetas, Sea el primero en etiquetar este registro!
LEADER 01098nam a22002295a 4500
001 CEM.cems020983
008 240408s2013####xx############000#0#und#d
005 20240408170300.0
245 1 0 |a Los misterios de la abuela /  |c Gerardo Méndez ; ilustrado por Margarita Sada. 
250 |a 1a ed. 
260 |a San Isidro :  |b Castillo de la lectura,  |c 2013. 
300 |a 56 p. 
490 1 |a Serie blanca 
500 |a A partir de 6 años. 
520 |a El domingo es el cumpleaños de la abuela. Para festejarla, Juliana pasará el fin de semana con ella. Juliana no está muy segura de que sea una buena idea, pues su abuela vive en el campo, y allá no hay nada que hacer. Pero tan pronto llegue, descubrirá que las cosas no son lo que parecen. Para empezar, su abuela no es una anciana cualquiera, sino una persona con muchos misterios... 
020 |a 9789876721820 
100 1 |a Méndez, Gerardo. 
700 1 |a Sada, Margarita; il. 
653 |a Literatura colombiana 
653 |a Literatura infantil 
653 |a Novela infantil 
859 |a CEMS  |b BIB. CEMS - Inicial y Primaria  |h Co863.4  |i M522  |k IP  |p 4375  |t Ej.1